Science Quiz

Random Science or Clickable Quiz

Finish the Famous Scientist Quote Quiz Stats

 Plays Quiz Updated Sep 12, 2017

Challenge
Share
Tweet
Embed
Score 0/28 Timer 06:00
3 Plays Today
% Correct
Open
89.3%
Special
88.5%
For
88.2%
Himself
88.1%
Change
86.3%
Happen
86%
Separated
85.8%
Giants
84.2%
Nature
82%
New
80.8%
Existence
80.7%
Out
80.7%
Knowledge
78.8%
Life
76.4%
% Correct
Progress
76.2%
Skeletons
76.1%
Mind
76%
Discovery
75%
Excuses
74.3%
Universe
69.9%
Sophistication
65.8%
Destruction
65.7%
Horizons
65.4%
Apathy
63.8%
Motivated
62%
Heart
52.2%
Ideas
48.3%
Me
34.1%

You're not logged in!

Compare scores with friends on all Sporcle quizzes.
OR
Log In

You Might Also Like...

Show Comments

Extras

Top Quizzes Today


Score Distribution

Your Account Isn't Verified!

In order to create a playlist on Sporcle, you need to verify the email address you used during registration. Go to your Sporcle Settings to finish the process.

Report this User

Report this user for behavior that violates our Community Guidelines.

Details: